La banca mas cerca de usted / (Registro nro. 11897)

Detalles MARC
000 -LEADER
fixed length control field 01180nam a2200205Ia 4500
003 - CONTROL NUMBER IDENTIFIER
control field OSt
005 - DATE AND TIME OF LATEST TRANSACTION
control field 20210610101206.0
008 - FIXED-LENGTH DATA ELEMENTS--GENERAL INFORMATION
fixed length control field 210310s2014 ck u 000 0 spa d
040 ## - CATALOGING SOURCE
Original cataloging agency CO-JMCR
Transcribing agency CO-JMCR
082 04 - DEWEY DECIMAL CLASSIFICATION NUMBER
Classification number 332.024 /
Item number P677b
Edition number 23
110 2# - MAIN ENTRY--CORPORATE NAME
Corporate name or jurisdiction name as entry element Asobancaria
9 (RLIN) 12832
245 #0 - TITLE STATEMENT
Title La banca mas cerca de usted /
Statement of responsibility, etc. Asobancaria
260 ## - PUBLICATION, DISTRIBUTION, ETC.
Place of publication, distribution, etc. Bogotá :
Name of publisher, distributor, etc. El Tiempo,
Date of publication, distribution, etc. 2014.
300 ## - PHYSICAL DESCRIPTION
Extent 80 páginas :
Other physical details ilustraciones, fotografías y graficas a color ;
Dimensions 29 cm.
505 0# - FORMATTED CONTENTS NOTE
Formatted contents note La importancia del sistema financiero colombiano. -- ¿Quién vigila y controla el funcionamiento del sistema financiero?. -- Ciclo de vida y decisiones financieras. -- El camino hacia la inclusión financiera. -- Productos y canales que lo aceleran al sistema financiero. -- Productos de ahorro a su disposición. -- Productos de crédito de acuerdo a su necesidad. -- Leasing habitacional vs. crédito hipotecario, ¿Cuál es la mejor opción?. -- Aproveche los beneficios de su tarjeta de crédito. -- Seguridad en sus transacciones financieras.
650 14 - SUBJECT ADDED ENTRY--TOPICAL TERM
Topical term or geographic name entry element Sistema financiero
9 (RLIN) 7647
650 24 - SUBJECT ADDED ENTRY--TOPICAL TERM
Topical term or geographic name entry element Crédito hipotecario
9 (RLIN) 38281
650 24 - SUBJECT ADDED ENTRY--TOPICAL TERM
Topical term or geographic name entry element Leasing habitacional
9 (RLIN) 38282
942 ## - ADDED ENTRY ELEMENTS (KOHA)
Source of classification or shelving scheme Dewey Decimal Classification
Koha item type Books
Existencias
Withdrawn status Lost status Source of classification or shelving scheme Damaged status Not for loan Home library Current library Shelving location Date acquired Source of acquisition Full call number Barcode Date last seen Copy number Price effective from Koha item type
    Dewey Decimal Classification     Biblioteca Pública José María del Castillo y Rada Biblioteca Pública José María del Castillo y Rada General Stacks 04/15/2018 Donación 332.024 / P677b 430013109 05/16/2024 Ej.1 03/10/2021 Books